000 00561nam a2200193Ia 4500
005 20250923144849.0
008 008 250917s9999 xx 000 0 eng d
037 _aTextual
040 _aDSWL
_beng
_cDSWL
041 _aeng
_2eng
084 _aY172.1.12.271, K3
_qDSWL
245 0 _aSocio economic survey of primitive tribes in Madhya Pradesh
260 _aNew Delhi
_bDelhi National Council of
_c1963
300 _axviii,206p.
365 _aINR
_b20
925 _g20
942 _cTEXL
_hY172.1.12.271, K3
999 _c1444306
_d1444306